Di sản thế giới : Văn hóa - tự nhiên - hỗn hợp
محفوظ في:
| التنسيق: | كتاب |
|---|---|
| اللغة: | Undetermined |
| منشور في: |
Thành phố Hồ Chí Minh
Trẻ
2001
|
| الموضوعات: | |
| الوسوم: |
إضافة وسم
لا توجد وسوم, كن أول من يضع وسما على هذه التسجيلة!
|
| Thư viện lưu trữ: | Trung tâm Học liệu Trường Đại học Cần Thơ |
|---|
| LEADER | 00613nam a2200205Ia 4500 | ||
|---|---|---|---|
| 001 | CTU_42185 | ||
| 008 | 210402s9999 xx 000 0 und d | ||
| 020 | |c 18600 | ||
| 082 | |a 910 | ||
| 082 | |b D300/T.1 | ||
| 245 | 0 | |a Di sản thế giới : | |
| 245 | 0 | |b Văn hóa - tự nhiên - hỗn hợp | |
| 245 | 0 | |c Bùi Đẹp ( biên soạn ) | |
| 260 | |a Thành phố Hồ Chí Minh | ||
| 260 | |b Trẻ | ||
| 260 | |c 2001 | ||
| 650 | |a Architecture,Monuments,Geographical | ||
| 650 | |x Aesthetics | ||
| 904 | |i Qhieu đã sửa | ||
| 980 | |a Trung tâm Học liệu Trường Đại học Cần Thơ | ||